[Event "Bois Gentil op"]
[Site "Geneve"]
[Date "2014.02.07"]
[Round "5"]
[White "Weber, Francois"]
[Black "Haensler, Andreas"]
[Result "1-0"]
[WhiteElo "1865"]
[BlackElo "1447"]
[PlyCount "71"]
[EventDate "2014.01.10"]
[EventType "swiss"]
[EventRounds "7"]
[EventCountry "SUI"]
[SourceTitle "CBM 158 Extra"]
[Source "ChessBase"]
[SourceDate "2014.02.28"]
[SourceVersion "1"]
[SourceVersionDate "2014.02.28"]
[SourceQuality "1"]

1. d4 d5 2. Nf3 Nf6 3. c4 e6 4. Nc3 a6 5. e3 Be7 6. Bd3 0-0 7. 0-0 c6 8. b3 Nbd7 9. Bb2 h6 10. Qc2 dxc4 11. bxc4 Qa5 12. e4 e5 13. dxe5 Nxe5 14. Nxe5 Qxe5 15. Nd5 Qh5 16. Nxe7+ Kh8 17. Nf5 Bxf5 18. exf5 Ng4 19. h3 Nf6 20. Be2 Qh4 21. Qc3 Rae8 22. Bg4 Rg8 23. g3 Ne4 24. gxh4 Nxc3 25. Bxc3 Re4 26. Rac1 h5 27. Bxh5 Rf8 28. Bg4 Kh7 29. Rfe1 Rxc4 30. h5 Rf4 31. f3 Ra4 32. Rc2 g6 33. hxg6+ fxg6 34. fxg6+ Kxg6 35. Re6+ Kg5 36. Kg2 1-0

[Event "Gibraltar Masters 10th"]
[Site "Caleta"]
[Date "2012.01.30"]
[Round "7"]
[White "Weber, Francois"]
[Black "Mozelius, Peter"]
[Result "1-0"]
[WhiteElo "2155"]
[BlackElo "1869"]
[PlyCount "67"]
[EventDate "2012.01.24"]
[EventType "swiss"]
[EventRounds "10"]
[EventCountry "GGB"]
[SourceTitle "CBM 147"]
[Source "ChessBase"]
[SourceDate "2012.03.16"]
[SourceVersion "1"]
[SourceVersionDate "2012.03.16"]
[SourceQuality "1"]

1. e4 g6 2. d4 Bg7 3. Nc3 d6 4. Be3 a6 5. h3 b5 6. Bd3 Bb7 7. Qe2 Nd7 8. Nd1 Rc8 9. a4 c6 10. f4 Qa5+ 11. c3 c5 12. Nf3 c4 13. Bc2 b4 14. cxb4 Qxb4+ 15. Bd2 Qb6 16. a5 Qc7 17. 0-0 Nh6 18. Ne3 0-0 19. Ra4 e5 20. fxe5 dxe5 21. Rxc4 Qb8 22. d5 Qa7 23. Kh1 f5 24. Rxc8 Bxc8 25. Ng5 Nc5 26. exf5 gxf5 27. b4 Nb7 28. Bc3 Nd6 29. Nc4 Qc7 30. Bb3 e4 31. Bxg7 Kxg7 32. Qb2+ Kg6 33. Qe5 Rf6 34. Nxe4 1-0

[Event "Gibraltar Masters 10th"]
[Site "Caleta"]
[Date "2012.01.26"]
[Round "3"]
[White "Weber, Francois"]
[Black "Hanley, Craig"]
[Result "0-1"]
[WhiteElo "2155"]
[BlackElo "2421"]
[PlyCount "60"]
[EventDate "2012.01.24"]
[EventType "swiss"]
[EventRounds "10"]
[EventCountry "GGB"]
[SourceTitle "CBM 147"]
[Source "ChessBase"]
[SourceDate "2012.03.16"]
[SourceVersion "1"]
[SourceVersionDate "2012.03.16"]
[SourceQuality "1"]

1. e4 c5 2. Nf3 d6 3. d4 cxd4 4. Nxd4 Nf6 5. Nc3 a6 6. Bg5 e6 7. Bd3 Be7 8. Qe2 Qc7 9. 0-0-0 Nbd7 10. Kb1 b5 11. Rhe1 0-0 12. Qf3 b4 13. Bxf6 Nxf6 14. Nce2 e5 15. Nf5 Be6 16. Ne3 a5 17. c4 bxc3 18. Nxc3 Rfb8 19. Rc1 a4 20. Ncd5 Qb7 21. Nxe7+ Kf8 22. Qe2 a3 23. N3d5 axb2 24. Rc4 Rxa2 25. Rb4 Qxb4 26. Nxb4 Rxb4 27. Nd5 Nxd5 28. exd5 Bxd5 29. Qd2 Ra1+ 30. Kc2 Rxe1 0-1

[Event "Seville op 35th"]
[Site "Seville"]
[Date "2010.01.10"]
[Round "3"]
[White "Komljenovic, Davorin"]
[Black "Weber, Francois"]
[Result "1-0"]
[WhiteElo "2431"]
[BlackElo "2149"]
[PlyCount "90"]
[EventDate "2010.01.08"]
[EventType "swiss"]
[EventRounds "9"]
[EventCountry "ESP"]
[SourceTitle "CBM 134 Extra"]
[Source "ChessBase"]
[SourceDate "2010.03.03"]
[SourceVersion "1"]
[SourceVersionDate "2010.03.03"]
[SourceQuality "1"]

1. d4 e6 2. Nf3 f5 3. g3 Nf6 4. Bg2 d5 5. 0-0 Bd6 6. b3 Qe7 7. Bb2 0-0 8. Qc1 b5 9. c4 c6 10. a4 bxc4 11. bxc4 Ba6 12. Ne5 Rc8 13. c5 Bxe5 14. dxe5 Ne4 15. Bxe4 fxe4 16. Re1 Nd7 17. Bd4 Rf8 18. Qc3 Qd8 19. Nd2 Rb8 20. f3 exf3 21. exf3 Rb7 22. f4 Qe7 23. Nb3 Qf7 24. Na5 Rc7 25. h4 Qf5 26. Kh2 Rb8 27. Ra3 Rb1 28. Rxb1 Qxb1 29. Ra1 Qg6 30. Rd1 h5 31. Rd2 Qg4 32. Rb2 Qf5 33. Rd2 Qg4 34. Qe3 Qf5 35. Qf3 Rc8 36. Bg1 g6 37. Qc3 Bf1 38. Bd4 Qh3+ 39. Kg1 Ba6 40. Qf3 Kg7 41. Rh2 Qf5 42. Rb2 Rc7 43. Kh2 Kf7 44. Qe3 Ke7 45. Bc3 Bf1 1-0